Estatísticas para México

Clique aqui para jogar o quiz

Estatísticas Gerais

  • Esse quiz foi jogado 24 vezes
  • A pontuação média é 10 de 14

Estatísticas das Respostas

HintResposta% Correto
Qual é a sua capital?Cidade do México
100%
Onde fica?América do Norte
94%
Qual é o seu feriado que é semelhante ao Halloween?Dia dos mortos
94%
De que país é independente?Espanha
94%
Qual é o seu idioma?Espanhol
94%
Qual é o desporto mais popular?Futebol
94%
Qual é o seu código ISO?MEX
89%
Qual é o seu prato típico?Tacos
89%
Qual é a sua religião?Cristianismo
83%
Qual é a bebida alcoólica mais consumida no país?Tequila
78%
Qual é a sua moeda?Peso mexicano
72%
Qual é o género musical tradicional do país?Mariachi
28%
Qual é o seu ponto mais alto?Pico de Orizaba
11%
Como se chama a cidade mais localizada em Yucatán?Chichén Itzá
6%

Distribuição das Pontuações

Percentil de Números Respondidos

Porcentagem de Pessoas com Cada Pontuação

Sua Pontuação Histórica

Você não jogou esse quiz